Pays VOUS aimez le plus - Statistiques

Statistiques générales
  • Ce quiz a été pris 129 fois
  • Le résultat moyen est 4 sur 196
Statistiques - réponses
Réponse % Correct
France
71%
Espagne
31%
Italie
30%
Etats-Unis
21%
Allemagne
19%
Canada
19%
Chine
11%
Japon
11%
Portugal
11%
Suisse
11%
Australie
9%
Irlande
8%
Islande
7%
Norvège
7%
Suède
7%
Algérie
6%
Grèce
6%
Royaume-Uni
6%
Andorre
5%
Mexique
5%
Pays-Bas
5%
Russie
5%
Autriche
4%
Brésil
4%
Inde
4%
Lituanie
4%
Maroc
4%
Belgique
3%
Chili
3%
Estonie
3%
Finlande
3%
Nouvelle-Zélande
3%
Panama
3%
Thaïlande
3%
Belize
2%
Brunei
2%
Croatie
2%
Égypte
2%
Guatemala
2%
Iran
2%
Israël
2%
Laos
2%
Lettonie
2%
Luxembourg
2%
Salvador
2%
Viêt Nam
2%
Afghanistan
1%
Albanie
1%
Antigua-et-Barbuda
1%
Argentine
1%
Azerbaïdjan
1%
Bahreïn
1%
Barbade
1%
Bhoutan
1%
Bolivie
1%
Burkina Faso
1%
Burundi
1%
Chypre
1%
Colombie
1%
Costa Rica
1%
Cuba
1%
Danemark
1%
Dominique
1%
Émirats arabes unis
1%
Équateur
1%
Éthiopie
1%
Grenade
1%
Haïti
1%
Honduras
1%
Hongrie
1%
Irak
1%
Jamaïque
1%
Liechtenstein
1%
Madagascar
1%
Malawi
1%
Monaco
1%
Népal
1%
Nicaragua
1%
Pérou
1%
République Centrafricaine
1%
Roumanie
1%
Rwanda
1%
Sainte-Lucie
1%
Saint-Marin
1%
Salomon
1%
Serbie
1%
Slovénie
1%
Syrie
1%
Taïwan
1%
Togo
1%
Turquie
1%
Vatican
1%
Afrique du Sud
0%
Angola
0%
Arabie Saoudite
0%
Arménie
0%
Bahamas
0%
Bangladesh
0%
Bénin
0%
Biélorussie
0%
Birmanie
0%
Bosnie-Herzégovine
0%
Botswana
0%
Bulgarie
0%
Cambodge
0%
Cameroun
0%
Cap-Vert
0%
Comores
0%
Corée du Nord
0%
Corée du Sud
0%
Côte d'Ivoire
0%
Djibouti
0%
Érythrée
0%
Fidji
0%
Gabon
0%
Gambie
0%
Géorgie
0%
Ghana
0%
Guinée
0%
Guinée-Bissau
0%
Guinée équatoriale
0%
Guyana
0%
Île Maurice
0%
Îles Marshall
0%
Indonésie
0%
Jordanie
0%
Kazakhstan
0%
Kenya
0%
Kirghizistan
0%
Kiribati
0%
Kosovo
0%
Koweït
0%
Lesotho
0%
Liban
0%
Liberia
0%
Libye
0%
Macédoine
0%
Malaisie
0%
Maldives
0%
Mali
0%
Malte
0%
Mauritanie
0%
Micronésie
0%
Moldavie
0%
Mongolie
0%
Monténégro
0%
Mozambique
0%
Namibie
0%
Nauru
0%
Niger
0%
Nigeria
0%
Oman
0%
Ouganda
0%
Ouzbékistan
0%
Pakistan
0%
Palaos
0%
Papouasie-Nouvelle- Guinée
0%
Paraguay
0%
Philippines
0%
Pologne
0%
Qatar
0%
République démocratique du Congo
0%
République dominicaine
0%
République du Congo
0%
République tchèque
0%
Saint-Christophe- et-Niévès
0%
Saint-Vincent-et-les- Grenadines
0%
Samoa
0%
Sao Tomé-et-Principe
0%
Sénégal
0%
Seychelles
0%
Sierra Leone
0%
Singapour
0%
Slovaquie
0%
Somalie
0%
Soudan
0%
Soudan du Sud
0%
Sri Lanka
0%
Suriname
0%
Swaziland
0%
Tadjikistan
0%
Tanzanie
0%
Tchad
0%
Timor oriental
0%
Tonga
0%
Trinité-et-Tobago
0%
Tunisie
0%
Turkménistan
0%
Tuvalu
0%
Ukraine
0%
Uruguay
0%
Vanuatu
0%
Venezuela
0%
Yémen
0%
Zambie
0%
Zimbabwe
0%
Aucun quiz correspondant
Distribution des résultats
% des personnes avec chaque résultat
Percentile par nombre de réponses
Votre historique - résultats
Vous n’avez pas pris ce quiz